• 首页
  • 本馆介绍
  • 公告通知
  • 最新文献
  • 馆藏检索
  • 电子资源
  • 读者导购
  • 参考咨询
  • 我的图书馆
  • 登录
  • 详细信息显示
  • 放入我的书架
  • 预约/预借图书
  • 作者相关作品
  • 分类相关作品
  • 丛书相关作品
  • 出版社相关作品

书目信息

  • 表格格式
  • 工作单格式
  • 卡片格式
题名:
SAS程序设计
    
 
作者: 王惠群 , 李韵华 编著
分册:  
出版信息: 北京   科学出版社  2002
页数: 269页
开本: 23cm
丛书名:
单 册:
中图分类: C812
科图分类:
主题词: 统计--方法
电子资源:
ISBN: 7-03-010201-0
000 00802nam0 2200229 450
001 020000028695
005 20050919170201.51
010    @a7-03-010201-0@dCNY29.00
100    @a20050108d2002 ekmy0chiy0120 ea
101 0  @achi
102    @aCN@b110000
105    @aa z 000yy
200 1  @aSAS程序设计@9SAS cheng xu she ji@f王惠群,李韵华编著@Fwang hui qun,li yun hua bian zhu
210    @a北京@c科学出版社@d2002
215    @a269页@c图@d23cm
330    @a本书共10章,前5章讲解基础知识,后5章讲解高级应用,主要介绍了SAS的常用语法、函数、程序,从数据的输入、管理、分析、展示,到使用各种数据库,再扩展到Web的应用上。
606 0  @a统计@x方法
690    @aC812@v4
701  0 @a王惠群@Awang hui qun@4编著
701  0 @a李韵华@Ali yun hua@4编著
801  0 @aCN@bTSSF@c20050919
905    @a10447@dC812@e38
    
    SAS程序设计/王惠群,李韵华编著.-北京:科学出版社,2002
    269页:图;23cm
    
    
    ISBN 7-03-010201-0:CNY29.00
    本书共10章,前5章讲解基础知识,后5章讲解高级应用,主要介绍了SAS的常用语法、函数、程序,从数据的输入、管理、分析、展示,到使用各种数据库,再扩展到Web的应用上。
●
相关链接 在E读中查询图书 在五车中查询图书 在当当中查询图书 在豆瓣中查询图书


正题名:SAS程序设计     索取号:C812/38         预约/预借

序号 登录号 条形码 馆藏地/架位号 状态 备注
1 0362541   3625410   第一样本阅览室/ [索取号:C812/38] 在馆    
2 0362542   3625429   第一借阅区/ [索取号:C812/38] 在馆    
3 0362543   3625438   第一借阅区/ [索取号:C812/38] 在馆    
4 0362544   3625447   第一借阅区/ [索取号:C812/38] 在馆    
5 0362545   3625456   第一借阅区/ [索取号:C812/38] 在馆    
唐山师范学院图书馆 欢迎您!
大连网信软件有限公司© 版权所有